ਸਮੁੰਦਰ ਵੱਲ ਦੀ ਖਿੜਕੀ : (Record no. 110843)

MARC details
000 -LEADER
fixed length control field 00975nam a22002417a 4500
005 - DATE AND TIME OF LATEST TRANSACTION
control field 20170123164158.0
010 ## - LIBRARY OF CONGRESS CONTROL NUMBER
LC control number A-777996
020 ## - INTERNATIONAL STANDARD BOOK NUMBER
Terms of availability 100.00
035 ## - SYSTEM CONTROL NUMBER
System control number A-777996
040 ## - CATALOGING SOURCE
Original cataloging agency DPL
Language of cataloging PN
082 ## - DEWEY DECIMAL CLASSIFICATION NUMBER
Classification number
Item number ਭੁੱਲਰ
100 ## - MAIN ENTRY--PERSONAL NAME
Personal name ਭੁੱਲਰ, ਜਸਬੀਰ
9 (RLIN) 138084
245 ## - TITLE STATEMENT
Title ਸਮੁੰਦਰ ਵੱਲ ਦੀ ਖਿੜਕੀ :
Statement of responsibility, etc ਜਸਬੀਰ ਭੁੱਲਰ
Remainder of title ਕਹਾਣੀਆਂ /
246 ## - VARYING FORM OF TITLE
Title proper/short title Samunfar wal di khidki : short stories /
Remainder of title by Jasbir Bhullar
260 ## - PUBLICATION, DISTRIBUTION, ETC. (IMPRINT)
Place of publication, distribution, etc ਜਲੰਧਰ
Name of publisher, distributor, etc ਅੰਗਦ ਪਬਲਿਸ਼ਰਜ਼
Date of publication, distribution, etc 1995
270 ## - ADDRESS
Address 567/9, ਸੇੰਟਰਲ ਟਾਉਨ
City ਜਲੰਧਰ
Postal code 144001
300 ## - PHYSICAL DESCRIPTION
Extent 103p.
Dimensions 19cm(Hb)
650 ## - SUBJECT ADDED ENTRY--TOPICAL TERM
Topical term or geographic name as entry element ਪੰਜਾਬੀ ਸਾਹਿਤ- ਲਘੂ ਕਹਾਣੀਆਂ
9 (RLIN) 8034
650 ## - SUBJECT ADDED ENTRY--TOPICAL TERM
Topical term or geographic name as entry element ਪੰਜਾਬੀ ਸਾਹਿਤ
9 (RLIN) 138085
650 ## - SUBJECT ADDED ENTRY--TOPICAL TERM
Topical term or geographic name as entry element Punjabi Literature- Short stories
9 (RLIN) 8035
650 ## - SUBJECT ADDED ENTRY--TOPICAL TERM
Topical term or geographic name as entry element Punjabi Literature
9 (RLIN) 138086
942 ## - ADDED ENTRY ELEMENTS (KOHA)
Source of classification or shelving scheme Dewey Decimal Classification
Koha item type Punjabi Bks
Classification part
Call number suffix ਭੁੱਲਰ
Holdings
Withdrawn status Lost status Damaged status Not for loan Home library Current library Date acquired Source of acquisition Cost, normal purchase price Total Checkouts Full call number Barcode Date last seen Copy number Cost, replacement price Price effective from Koha item type
        Central Library Central Library 09/02/2016 Cen Lib/Ret 100.00   ਕ ਭੁੱਲਰ A-777996 09/02/2016 1 100.00 09/02/2016 Punjabi Bks

© Delhi Public Library
Hit Counter
free hit counter